Musique française depuis 1930 - Statistiques

Statistiques générales
  • Ce quiz a été pris 83 fois
  • Le résultat moyen est 46 sur 96
Statistiques - réponses
Date Question Réponse % Correct
2005 Quelle chanteuse réalise un hymne pour la confiance en soi intitulé "Ma philosophie" ? Amel Bent
82%
2006 Quelle rappeuse représente la "Génération Nan Nan" avec son tube "La Boulette" ? Diam's
82%
2020 Quel artiste marseillais réunit huit rappeurs sur le titre "Bande organisée", devenu le single de diamant le plus rapide de l'histoire ? Jul
77%
1981 Quel chanteur enregistre "Les Lacs du Connemara", un titre de plus de 6 minutes qu'il ne voulait initialement pas sortir car il le jugeait trop long ? Michel Sardou
77%
2013 Quel artiste belge incarne un père-mannequin figé dans un clip aux influences rétro pour évoquer le génocide rwandais et l'absence paternelle dans "Papaoutai" ? Stromae
77%
2014 Quelle chanteuse interprète "Dernière Danse", dont le clip apocalyptique se déroule à Paris ? Indila
75%
2018 Quelle artiste a imposé son propre lexique dans la pop française avant d'interpréter son tube "Djadja" avec la Garde Républicaine aux JO de Paris de 2024 ? Aya Nakamura
74%
2012 Quelle chanteuse québécoise revient au sommet avec le titre hommage "Parler à mon père" ? Céline Dion
74%
1964 Quel artiste signe le titre mélancolique "Hier encore", dans lequel il regrette d'avoir gaspillé ses vingt ans et fait le vide autour de lui ? Charles Aznavour
74%
1985 Quel chanteur engagé écrit "L'Aziza", un hommage à sa femme d'origine juive marocaine et un cri contre le racisme, qui deviendra un tube posthume vendu à plus d'un million d'exemplaires ? Daniel Balavoine
74%
1983 Quel chanteur sort le single "Au bout de mes rêves", un titre rythmé dont l'objectif était de faire danser les gens sur des paroles ayant du sens ? Jean-Jacques Goldman
72%
2015 Quelle jeune chanteuse révélée par The Voice cartonne avec le titre "Avenir" après avoir ému la France au cinéma ? Louane
72%
1993 Quel artiste dénonce la société de consommation et ses "désirs qui nous affligent" dans son tube "Foule sentimentale" ? Alain Souchon
70%
2021 Quelle artiste belge traverse des wagons thématiques dans le clip de "Bruxelles je t'aime" pour exprimer son mal du pays ? Angèle
70%
2001 Quel duo français casqué a cartonné mondialement avec le titre "One More Time" ? Daft Punk
70%
1982 Quel groupe connaît son premier immense succès avec "L'Aventurier" dont les paroles sont tirées des titres des romans de Bob Morane, comme L’Ombre Jaune ou La Vallée infernale ? ? Indochine
70%
1947 Quel succès mondial d'Édith Piaf, dont le titre original devait être "Des trucs en rose", est devenu son morceau le plus emblématique à cette époque ? La Vie en rose
70%
1992 Quel rappeur poète utilise la métaphore des jeux de cartes avec "l'as de trèfle qui pique ton cœur" pour raconter sa déception amoureuse avec une certaine "Caroline" ? MC Solaar
70%
2003 Quel chanteur dénonce ses déboires avec le fisc dans son tube "Ma liberté de penser" ? Florent Pagny
69%
2017 Quel rappeur interprète "Basique" au clip tourné en plan-séquence sur un pont à Kiev ? Orelsan
69%
1986 Quel titre de Desireless est devenu un immense tube international, invitant l'auditeur à voler "au-dessus des vieux volcans" et "plus loin que la nuit et le jour" ? Voyage, voyage
69%
1975 Quelle chanson de Nino Ferrer évoquant un endroit qui "ressemble à la Louisiane" est devenue son plus grand succès alors qu'il ne voulait initialement sortir que la version anglaise intitulée "South" ? Le Sud
67%
2011 Quel tube de Mika liste avec humour les critiques d'une mère qui veut voir son fils sortir de chez elle ? Elle me dit
66%
1943 Quelle chanson, écrite par Charles Trenet sous l'Occupation, célèbre le "cher pays de son enfance" ? Douce France
64%
1971 Quel chanteur décroche son plus grand succès commercial avec le titre "Pour un flirt", une chanson écrite en quelques heures pour être au départ une simple face B ? Michel Delpech
64%
2019 Quel groupe de rap bat des records de stream mondiaux avec un clip tourné au sommet de la Tour Eiffel pour annoncer l'album "Deux frères" et le titre "Au DD"? PNL
64%
1967 Inspirée par sa séparation avec France Gall, quelle chanson de Claude François est devenue un succès planétaire sous le titre anglais "My Way", reprise par Frank Sinatra notamment ? Comme d'habitude
62%
2004 Quel chanteur libano-canadien nous invite à lui donner notre corps dans "Femme Like U" ? K. Maro
62%
2025 Quelle chanteuse franco-congolaise, élue "Femme de l'année" par GQ, partage avec Disiz le record de 15 semaines en tête du Top Singles avec "melodrama" ? Theodora
62%
2002 Quelle chanteuse est en duo avec Renaud sur le titre "Manhattan-Kaboul" ? Axelle Red
61%
1974 Quel chanteur néerlandais connaît un immense succès avec "Vanina", une adaptation française du titre "Runaway" qui emprunte un vers célèbre à Lamartine ? Dave
61%
1970 Quel titre de Barbara raconte l'apparition d'un oiseau majestueux au bord d'un lac ? L'Aigle noir
61%
1997 Quel groupe de rock porté par le violon d'Arnaud Samuel et la voix de Gaëtan Roussel nous propose : "Allez viens, j't'emmène au vent" ? Louise Attaque
61%
1991 Quel titre de Mylène Farmer, écrit suite à une période de dépression et inspiré par le philosophe Cioran, devient l'hymne d'une génération avec son refrain culte "Tout est chaos" ? Désenchantée
59%
1996 Quel célèbre Boys Band français, originaire de Longjumeau, cartonne avec son tube "Partir un jour" ? 2Be3
57%
1973 Quelle chanson de Serge Lama contient le vers autobiographique "Je suis comme un orphelin dans un dortoir" ? Je suis malade
57%
1977 Quel chanteur connaît un succès fulgurant avec son titre "Rockollection", inventé par Alain Souchon pour désigner une chanson qui compile les plus grands tubes rock des années 1960 ? Laurent Voulzy
57%
2000 Quel premier tube d'Alizée, écrit par Mylène Farmer, nous raconte l'histoire d'une "collégienne aux bas, bleus de méthylène" ? Moi... Lolita
57%
1988 Quelle chanteuse à la voix rauque connaît son plus grand succès avec le titre "Mon mec à moi", une chanson écrite par Didier Barbelivien sur une femme qui choisit de croire aux mensonges de son amant ? Patricia Kaas
57%
1938 De quel premier long-métrage d'animation de Disney, est tirée la chanson "Un jour mon prince viendra" ? Blanche-Neige et les Sept Nains
56%
1956 Quelle chanteuse d'origine italo-égyptienne connaît son premier immense succès avec "Bambino", l'adaptation française d'une chanson napolitaine ? Dalida
56%
1980 Quelle chanson de Michel Berger décrit la fascination d'une jeune fille pour une star de la musique ? La Groupie du pianiste
56%
1984 Quel groupe rend hommage à la danseuse argentine Marcia Moretto dans le tube "Marcia Baïla", vendu à plus d'un million d'exemplaires, dont le clip coloré est aujourd'hui exposé au MoMA de New York ? Les Rita Mitsouko
56%
2007 Quelle chanteuse collabore avec Matthieu Chédid sur l'album Divinidylle et le titre "Dès que j'te vois" ? Vanessa Paradis
56%
1957 Quel poète est mis à l'honneur par Léo Ferré dans le tout premier album de chanson française entièrement consacré aux textes des "Fleurs du mal" ? Charles Baudelaire
54%
2010 Quel tube de Sexion d'Assaut commence par "J'ai préféré partir et m'isoler" ? Désolé
54%
1972 Quel artiste à l'affiche scandaleuse (montrant ses fesses nues) signe le tube "On ira tous au paradis", dont les chœurs furent enregistrés avec des passants recrutés dans la rue ? Michel Polnareff
54%
1948 Quelle célèbre adaptation française, écrite par Francis Blanche, retrouve-t-on les paroles "Et bonne année grand-mère" ? Vive le vent
51%
1962 Quelle chanteuse de 18 ans devient une idole instantanée avec la ballade "Tous les garçons et les filles", qu'elle interprète à la télévision le soir des résultats d'un référendum ? Françoise Hardy
49%
2024 Quel artiste place son tube "Sois pas timide" au sommet du Top Singles pendant tout l'été ? Gims
49%
1966 Quel chanteur parisien lance sa carrière avec le titre satirique "Et moi, et moi, et moi" ? Jacques Dutronc
48%
1958 Quelle chanson d'Édith Piaf, adaptée d'une valse péruvienne, raconte l'histoire d'un amour éphémère né et aussitôt emporté par un mouvement de fête populaire ? La Foule
48%
1959 Quelle chanson de Jacques Brel décrivait non pas comme une chanson d'amour mais comme un "hymne à la lâcheté", évoque l'humiliation d'un homme prêt à devenir "l'ombre de ton chien" ? Ne me quitte pas
48%
2008 Quel tube de Sheryfa Luna raconte comment elle découvre que son mec est marié et a des gosses ? Il avait les mots
46%
1979 Quel titre du groupe Téléphone, écrit à l'origine comme une nouvelle de science-fiction, compare la pression sociale à un explosif prêt à détoner dans chaque individu La Bombe humaine
46%
2023 Quel titre de Zaho de Sagazan, métaphore de son hypersensibilité, a remporté la Victoire de la chanson originale ? La Symphonie des éclairs
46%
1952 Quelle chanson de Georges Brassens, longtemps interdite à la radio, raconte l'histoire d'un primate s'échappant de sa cage pour s'en prendre à un "juge en bois brut" ?
Le Gorille
46%
1995 Quelle chanteuse et mannequin connaît un immense succès avec son titre aux sonorités gospel et R&B "Dieu m'a donné la foi" ? Ophélie Winter
46%
1968 Quelle chanson de Joe Dassin connaît un succès avec sa mélodie "Zaï zaï zaï zaï" tournant en boucle sur les radios alors en grève ? Siffler sur la colline
46%
1950 Quelle chanson, écrite par Édith Piaf pour Marcel Cerdan, a été désignée chanson d'amour préférée des Français et interprétée par Céline Dion depuis la tour Eiffel en 2024 ? Hymne à l'amour
44%
2016 Quel artiste chante « Le Lac » et invite Pamela Anderson pour une apparition surprise dans son clip ? Julien Doré
44%
1969 Quel tube de Johnny Hallyday commence par ces paroles : "Quand tes cheveux s'étalent comme un soleil d'été / Et que ton oreiller ressemble aux champs de blé" Que Je T'aime
44%
2009 Quel tube de l'opéra rock Mozart exprime la jalousie meurtrière de Salieri envers son rival ? L'assassymphonie
43%
2022 Quel titre traitant du mal-être et des idées suicidaires Stromae a-t-il interprété par surprise en plein JT de 20h sur TF1 ? L'Enfer
43%
1998 Quel tube de Larusso, repris de Régine, est resté 12 semaines en tête du Top 50 ? Tu m'oublieras
43%
1989 Quel artiste chante le fatalisme amoureux dans son titre "C'est écrit", une chanson certifiée disque d'argent où il affirme ne pas pouvoir oublier la femme qu'il aime ? Francis Cabrel
41%
1930 Quelle chanson, interprétée par Joséphine Baker, contient le célèbre refrain « Mon pays et Paris » ? J'ai deux amours
41%
1987 Quel groupe mené par la chanteuse Muriel Moreno connaît un immense succès avec le titre pop "Je dois m'en aller" ? Niagara
41%
1990 Quel groupe espagnol devient le premier à atteindre la place de n°1 en France avec "Une femme avec une femme", une chanson traitant avec tolérance de l'amour lesbien ? Mecano
39%
1976 Dans quel tube d'Eddy Mitchell se glisse-t-il dans la peau d'un curé qui annonce à ses fidèles que l'amour est devenu un péché mortel ? Pas de boogie woogie
39%
1939 Quelle chanson comique de 1939, interprétée par Fernandel, compare une conquête amoureuse à des descriptions de plus en plus insultantes ? Félicie aussi
33%
1963 Surnommée "la muse de Saint-Germain-des-Prés", quelle chanteuse est la première à avoir popularisé en 1963 le titre "La Javanaise", écrit pour elle par Serge Gainsbourg ? Juliette Gréco
33%
1965 Quel artiste a signé l'un de ses plus gros tubes avec une apologie de la paresse intitulée "Le travail c'est la santé" ? Henri Salvador
31%
1946 Dans "Petit Papa Noël" de Tino Rossi, que demande l'enfant au Père Noël de ne pas oublier avant de descendre du ciel, "avec des jouets par milliers" ? Mon petit soulier
31%
1953 Quelle chanteuse et meneuse de revue interprète le succès "Ma p'tite folie" ? Line Renaud
30%
1955 Quelle chanson de Charles Trenet célèbre la "route des vacances" qui relie Paris aux rivages du Midi en traversant la Bourgogne et la Provence ? Nationale 7
30%
1942 Dans une célèbre valse chantée par Lucienne Delyle, selon le titre de la chanson, de quel lieu vient l'amant dont elle est tombée amoureuse ? Saint-Jean
28%
1961 Quel groupe de rock français, mené par Dick Rivers, a connu un succès phénoménal avec le titre "Twist à Saint-Tropez" ? Les Chats sauvages
26%
1949 Quelle chanson humoristique, interprétée par Bourvil dans le film "Le Roi Pandore", explique qu'il faut avoir "les yeux en face des trous" pour faire son métier ? La Tactique du gendarme
25%
1935 Quel célèbre chanteur au canotier a interprété en 1935 la chanson « Prosper (Yop la boum) », qui raconte les activités d'un proxénète ? Maurice Chevalier
25%
1945 Quel futur monstre sacré de la chanson française a connu son premier succès avec le titre "Dans les plaines du Far-West" ? Yves Montand
23%
1951 Quelle artiste, célèbre pour son style "plumes et cabaret", a créé la chanson "La Croqueuse de diamants" ? Zizi Jeanmaire
21%
1960 Selon le titre de la chanson de Boby Lapointe, la fille vient du pays d'Aragon, mais d'où vient le garçon qui vendait des glaces vanille et citron ? Castille
20%
1978 Quelle chanson de France Gall nous invite à aller "derrière le miroir" et "plus loin que la baie de Yen Thaï" ? Viens je t’emmène
18%
1954 Quel artiste a composé et interprété "Je t'appartiens", un titre devenu un standard mondial sous le nom "Let It Be Me" par Elvis Presley ou Bob Dylan ? Gilbert Bécaud
15%
1999 Quel titre d'Hélène Ségara, devient le cri du cœur d'un amour impossible avec ces paroles : "Tous les mots d'amour que je sème tu ne les entends pas" Il y a trop de gens qui t’aiment
15%
1936 Quel acteur chante "Quand on s'promène au bord de l'eau" pour le film "La Belle Équipe" ? Jean Gabin
15%
1944 Quelle valse musette, devenue un immense succès de Lina Margy à la Libération, rend hommage aux guinguettes de Nogent-sur-Marne ? Ah ! Le petit vin blanc
11%
1933 Quelle chanteuse surnommée "La Dame en bleu", a interprété le titre "Parle‐moi d’autre chose", trois ans après son immense succès "Parlez-moi d'amour" ? Lucienne Boyer
11%
1994 Quel artiste crie son besoin d'action et de changement dans son titre rock "Bouge !" ? Patrick Bruel
11%
1940 Quelle chanson, créée par Ray Ventura et ses Collégiens pour le film "Tourbillon de Paris", utilise une expression répétée trois fois en guise de titre ? Tiens tiens tiens
7%
1934 Quel acteur et chanteur interprète le titre "Amusez-vous", dont le refrain conseille de profiter de la vie car elle "est si courte, après tout" ? Albert Préjean
5%
1932 Quelle chanteuse a connu un succès avec les titres "La Voix de maman" et "Ferme tes jolis yeux" cette année-la ? Berthe Sylva
5%
1937 Quel chansonnier a connu un succès avec le titre "La Mise en bouteille" ? Georgius
5%
1941 Quelle chanteuse a connu un immense succès avec "Seule ce soir", chanson devenue le symbole des femmes de prisonniers de guerre ? Léo Marjane
5%
1931 Quelle célèbre valse, grand succès du chanteur Jean Lumière, évoque une soirée romantique dans la principauté de Monaco ? Une Nuit A Monte-Carlo
5%
Aucun quiz correspondant
Distribution des résultats
% des personnes avec chaque résultat
Percentile par nombre de réponses
Votre historique - résultats
Vous n’avez pas pris ce quiz